[Event "Stay Safe Play From Home 214"]
[Site "T#646695Emanuel Laske"]
[Date "2020.06.10"]
[Round "4"]
[White "Klasman"]
[Black "BrainThinker22"]
[Result "0-1"]
[WhiteElo "1418"]
[BlackElo "2251"]
[Annotator "NA RC"]
[PlyCount "50"]
[EventDate "2020.06.10"]
[EventType "swiss (blitz)"]

1. f4 {[%emt 0:00:01]} e5 {[%emt 0:00:14]} 2. f5 {[%emt 0:00:03]} d5 {[%emt 0:00:01]} 3. d3 {[%emt 0:00:03]} Nc6 {[%emt 0:00:01]} 4. e4 {[%emt 0:00:01]} dxe4 {[%emt 0:00:01]} 5. dxe4 {[%emt 0:00:01]} Qxd1+ {[%emt 0:00:00]} 6. Kxd1 {[%emt 0:00:01]} Nd4 {[%emt 0:00:00]} 7. Bd3 {[%emt 0:00:02]} g6 {[%emt 0:00:01]} 8. fxg6 {[%emt 0:00:03]} Bg4+ {[%emt 0:00:00]} 9. Ke1 {[%emt 0:00:06]} fxg6 {[%emt 0:00:01]} 10. Be3 {[%emt 0:00:01]} Nc6 {[%emt 0:00:01]} 11. h3 {[%emt 0:00:02]} Be6 {[%emt 0:00:02]} 12. Nf3 {[%emt 0:00:01]} Bd6 {[%emt 0:00:01]} 13. Nc3 {[%emt 0:00:01]} Nge7 {[%emt 0:00:01]} 14. h4 {[%emt 0:00:03]} O-O {[%emt 0:00:01]} 15. h5 {[%emt 0:00:02]} Bg4 {[%emt 0:00:01]} 16. Ke2 {[%emt 0:00:02]} gxh5 {[%emt 0:00:02]} 17. Rh4 {[%emt 0:00:04]} Ng6 {[%emt 0:00:01]} 18. Rh2 {[%emt 0:00:04]} Nf4+ {[%emt 0:00:01]} 19. Bxf4 {[%emt 0:00:01]} Rxf4 {[%emt 0:00:00]} 20. Rah1 {[%emt 0:00:03]} Raf8 {[%emt 0:00:01]} 21. Rxh5 {[%emt 0:00:01]} Bxh5 {[%emt 0:00:01]} 22. Rxh5 {[%emt 0:00:01]} Rxf3 {[%emt 0:00:00]} 23. gxf3 {[%emt 0:00:02]} Nd4+ {[%emt 0:00:00]} 24. Ke3 {[%emt 0:00:08]} Rxf3+ {[%emt 0:00:01]} 25. Kd2 {[%emt 0:00:01]} Rg3 {[%emt 0:00:00] Time (Lag: Av=0.40s, max=0.6s) .} 0-1

[Event "Stay Safe Play From Home 214"]
[Site "T#646695Emanuel Laske"]
[Date "2020.06.10"]
[Round "5"]
[White "BrainThinker22"]
[Black "Lamborghini"]
[Result "0-1"]
[WhiteElo "2252"]
[BlackElo "2167"]
[Annotator "NA RC"]
[PlyCount "64"]
[EventDate "2020.06.10"]
[EventType "swiss (blitz)"]

1. e4 {[%emt 0:00:00]} c5 {[%emt 0:00:01]} 2. Nc3 {[%emt 0:00:01]} d6 {[%emt 0:00:00]} 3. g3 {[%emt 0:00:00]} Nc6 {[%emt 0:00:01]} 4. Bg2 {[%emt 0:00:00]} Bd7 {[%emt 0:00:00]} 5. d3 {[%emt 0:00:00]} Qc8 {[%emt 0:00:00]} 6. Be3 {[%emt 0:00:00]} h5 {[%emt 0:00:01]} 7. h3 {[%emt 0:00:00]} g6 {[%emt 0:00:01]} 8. Qd2 {[%emt 0:00:00]} Bg7 {[%emt 0:00:01]} 9. Nge2 {[%emt 0:00:00]} Rb8 {[%emt 0:00:01]} 10. f4 {[%emt 0:00:01]} b5 {[%emt 0:00:01]} 11. a3 {[%emt 0:00:00]} a5 {[%emt 0:00:01]} 12. e5 {[%emt 0:00:01]} b4 {[%emt 0:00:03]} 13. axb4 {[%emt 0:00:00]} axb4 {[%emt 0:00:01]} 14. Nd1 {[%emt 0:00:00]} dxe5 {[%emt 0:00:01]} 15. Bxc5 {[%emt 0:00:01]} exf4 {[%emt 0:00:01]} 16. Nxf4 {[%emt 0:00:00]} Nd4 {[%emt 0:00:01]} 17. Bxd4 {[%emt 0:00:04]} Bxd4 {[%emt 0:00:02]} 18. c3 {[%emt 0:00:01]} bxc3 {[%emt 0:00:01]} 19. bxc3 {[%emt 0:00:00]} Bg7 {[%emt 0:00:03]} 20. O-O {[%emt 0:00:01]} Nf6 {[%emt 0:00:02]} 21. d4 {[%emt 0:00:02]} O-O {[%emt 0:00:01]} 22. Nf2 {[%emt 0:00:02]} Bf5 {[%emt 0:00:01]} 23. Rae1 {[%emt 0:00:03]} e6 {[%emt 0:00:02]} 24. d5 {[%emt 0:00:02]} exd5 {[%emt 0:00:01]} 25. Nxd5 {[%emt 0:00:00]} Nxd5 {[%emt 0:00:01]} 26. Qxd5 {[%emt 0:00:01]} Qxc3 {[%emt 0:00:04]} 27. g4 {[%emt 0:00:02]} hxg4 {[%emt 0:00:01]} 28. hxg4 {[%emt 0:00:00]} Bc8 {[%emt 0:00:02]} 29. Re7 {[%emt 0:00:02]} Ba6 {[%emt 0:00:02]} 30. Rfe1 {[%emt 0:00:02]} Qd4 {[%emt 0:00:01]} 31. Qa2 {[%emt 0:00:03]} Rb2 {[%emt 0:00:02]} 32. R7e4 {[%emt 0:00:11]} Qxf2+ {[%emt 0:00:02] BrainThinker22 resigns (Lag: Av=0.48s, max=5.0s)} 0-1

[Event "Stay Safe Play From Home 214"]
[Site "T#646695Emanuel Laske"]
[Date "2020.06.10"]
[Round "5"]
[White "SoulofWolf"]
[Black "Toosieslide"]
[Result "0-1"]
[WhiteElo "2223"]
[BlackElo "2233"]
[Annotator "RC"]
[PlyCount "176"]
[EventDate "2020.06.10"]
[EventType "swiss (blitz)"]

1. Nf3 {[%emt 0:00:00]} d5 {[%emt 0:00:01]} 2. c4 {[%emt 0:00:00]} c6 {[%emt 0:00:01]} 3. e3 {[%emt 0:00:00]} Nf6 {[%emt 0:00:01]} 4. b3 {[%emt 0:00:00]} e6 {[%emt 0:00:01]} 5. Bb2 {[%emt 0:00:00]} Be7 {[%emt 0:00:01]} 6. d4 {[%emt 0:00:00]} O-O {[%emt 0:00:00]} 7. Nbd2 {[%emt 0:00:00]} c5 {[%emt 0:00:00]} 8. Qc2 {[%emt 0:00:00]} cxd4 {[%emt 0:00:01]} 9. Nxd4 {[%emt 0:00:00]} dxc4 {[%emt 0:00:00]} 10. Nxc4 {[%emt 0:00:01]} Nc6 {[%emt 0:00:02]} 11. Rd1 {[%emt 0:00:01]} Nxd4 {[%emt 0:00:01]} 12. Bxd4 {[%emt 0:00:00]} Qe8 {[%emt 0:00:03]} 13. Be2 {[%emt 0:00:01]} Bd7 {[%emt 0:00:01]} 14. Bf3 {[%emt 0:00:00]} Bc6 {[%emt 0:00:01]} 15. Qe2 {[%emt 0:00:00]} Bxf3 {[%emt 0:00:01]} 16. Qxf3 {[%emt 0:00:00]} b6 {[%emt 0:00:01]} 17. Ne5 {[%emt 0:00:02]} Nd5 {[%emt 0:00:01]} 18. O-O {[%emt 0:00:01]} f6 {[%emt 0:00:01]} 19. Nd3 {[%emt 0:00:03]} Rd8 {[%emt 0:00:02]} 20. Ba1 {[%emt 0:00:01]} Bd6 {[%emt 0:00:01]} 21. h4 {[%emt 0:00:02]} Bb8 {[%emt 0:00:01]} 22. g3 {[%emt 0:00:00]} e5 {[%emt 0:00:01]} 23. e4 {[%emt 0:00:01]} Ne7 {[%emt 0:00:01]} 24. Nb4 {[%emt 0:00:01]} Qf7 {[%emt 0:00:01]} 25. Qc3 {[%emt 0:00:02]} Qe6 {[%emt 0:00:01]} 26. Bb2 {[%emt 0:00:03]} Ng6 {[%emt 0:00:01]} 27. Kg2 {[%emt 0:00:02]} h5 {[%emt 0:00:04]} 28. Ba3 {[%emt 0:00:02]} Qg4 {[%emt 0:00:01]} 29. Kh2 {[%emt 0:00:02]} f5 {[%emt 0:00:02]} 30. Rxd8 {[%emt 0:00:01]} Rxd8 {[%emt 0:00:01]} 31. Nd5 {[%emt 0:00:04]} Qxe4 {[%emt 0:00:03]} 32. Ne3 {[%emt 0:00:03]} f4 {[%emt 0:00:00]} 33. Ng2 {[%emt 0:00:02]} fxg3+ {[%emt 0:00:01]} 34. Qxg3 {[%emt 0:00:01]} Qf5 {[%emt 0:00:01]} 35. Bc1 {[%emt 0:00:03]} e4 {[%emt 0:00:01]} 36. f4 {[%emt 0:00:01]} exf3 {[%emt 0:00:01]} 37. Nf4 {[%emt 0:00:01]} Nxf4 {[%emt 0:00:02]} 38. Kh1 {[%emt 0:00:04]} Qh3+ {[%emt 0:00:02]} 39. Qxh3 {[%emt 0:00:01]} Nxh3 {[%emt 0:00:00]} 40. Rxf3 {[%emt 0:00:01]} Rd1+ {[%emt 0:00:01]} 41. Kg2 {[%emt 0:00:01]} Rxc1 {[%emt 0:00:00]} 42. Rxh3 {[%emt 0:00:01]} Rc2+ {[%emt 0:00:00]} 43. Kf1 {[%emt 0:00:01]} Rxa2 {[%emt 0:00:00]} 44. Ke1 {[%emt 0:00:00]} Rb2 {[%emt 0:00:00]} 45. Kd1 {[%emt 0:00:00]} Be5 {[%emt 0:00:00]} 46. Kc1 {[%emt 0:00:01]} Rg2 {[%emt 0:00:00]} 47. Re3 {[%emt 0:00:00]} Bf6 {[%emt 0:00:00]} 48. Re8+ {[%emt 0:00:01]} Kh7 {[%emt 0:00:00]} 49. Kd1 {[%emt 0:00:00]} Rg3 {[%emt 0:00:01]} 50. Ke1 {[%emt 0:00:00]} Rh3 {[%emt 0:00:00]} 51. b4 {[%emt 0:00:01]} Rxh4 {[%emt 0:00:00]} 52. b5 {[%emt 0:00:00]} Rh1+ {[%emt 0:00:00]} 53. Ke2 {[%emt 0:00:01]} Rb1 {[%emt 0:00:00]} 54. Kd3 {[%emt 0:00:00]} Rxb5 {[%emt 0:00:00]} 55. Kc4 {[%emt 0:00:00]} Rc5+ {[%emt 0:00:00]} 56. Kb4 {[%emt 0:00:00]} a5+ {[%emt 0:00:00]} 57. Ka4 {[%emt 0:00:00]} h4 {[%emt 0:00:00]} 58. Ra8 {[%emt 0:00:00]} Kg6 {[%emt 0:00:00]} 59. Kb3 {[%emt 0:00:00]} Rb5+ {[%emt 0:00:01]} 60. Kc4 {[%emt 0:00:01]} Rb4+ {[%emt 0:00:00]} 61. Kd5 {[%emt 0:00:00]} h3 {[%emt 0:00:00]} 62. Kd6 {[%emt 0:00:00]} Rb5 {[%emt 0:00:00]} 63. Ke6 {[%emt 0:00:00]} Rc5 {[%emt 0:00:00]} 64. Rh8 {[%emt 0:00:00]} h2 {[%emt 0:00:00]} 65. Kd7 {[%emt 0:00:01]} Re5 {[%emt 0:00:00]} 66. Rxh2 {[%emt 0:00:00]} Rh5 {[%emt 0:00:00]} 67. Kc7 {[%emt 0:00:00]} Kh6 {[%emt 0:00:00]} 68. Kb7 {[%emt 0:00:00]} Rxh2 {[%emt 0:00:01]} 69. Ka6 {[%emt 0:00:00]} Rb2 {[%emt 0:00:00]} 70. Kb7 {[%emt 0:00:01]} Rc2 {[%emt 0:00:00]} 71. Ka6 {[%emt 0:00:00]} Rc3 {[%emt 0:00:00]} 72. Kb7 {[%emt 0:00:00]} g6 {[%emt 0:00:00]} 73. Ka6 {[%emt 0:00:00]} g5 {[%emt 0:00:00]} 74. Kb7 {[%emt 0:00:00]} g4 {[%emt 0:00:00]} 75. Ka6 {[%emt 0:00:00]} g3 {[%emt 0:00:00]} 76. Kb7 {[%emt 0:00:00]} g2 {[%emt 0:00:00]} 77. Ka6 {[%emt 0:00:00]} g1=Q {[%emt 0:00:00]} 78. Kb7 {[%emt 0:00:00]} Qf2 {[%emt 0:00:00]} 79. Ka6 {[%emt 0:00:00]} Qe3 {[%emt 0:00:00]} 80. Ka7 {[%emt 0:00:00]} Qd4 {[%emt 0:00:00]} 81. Ka6 {[%emt 0:00:00]} Qc4+ {[%emt 0:00:00]} 82. Ka7 {[%emt 0:00:00]} b5 {[%emt 0:00:00]} 83. Kb7 {[%emt 0:00:00]} b4 {[%emt 0:00:00]} 84. Kb8 {[%emt 0:00:00]} Qb5+ {[%emt 0:00:00]} 85. Ka7 {[%emt 0:00:00]} a4 {[%emt 0:00:00]} 86. Ka8 {[%emt 0:00:00]} a3 {[%emt 0:00:00]} 87. Ka7 {[%emt 0:00:01]} a2 {[%emt 0:00:00]} 88. Ka8 {[%emt 0:00:00]} Ra3# {[%emt 0:00:00] (Lag: Av=0.54s, max=5.3s)} 0-1

[Event "Stay Safe Play From Home 214"]
[Site "T#646695Emanuel Laske"]
[Date "2020.06.10"]
[Round "5"]
[White "Castlingarrocco"]
[Black "Mepe_Nika"]
[Result "0-1"]
[WhiteElo "2035"]
[BlackElo "2371"]
[Annotator "TA"]
[PlyCount "82"]
[EventDate "2020.06.10"]
[EventType "swiss (blitz)"]

{[%evp 9,82,-17,-10,-9,-1,-29,-5,-36,-12,-50,-41,-56,3,-77,-76,-141,-133,-133,-101,-116,-94,-124,-87,-158,-149,-150,-142,-332,-63,-122,-57,-1397,572,583,787,785,742,637,785,766,791,775,727,480,469,468,526,503,501,494,526,501,518,477,477,469,469,287,501,0,202,160,501,487,473,-4922,-2508,-1646,196,-177,0,-29970,-29971,-29992,-29993]} 1. g3 h5 2. h4 g6 3. Bg2 Bg7 {[#]} 4. d3 $146 ({Predecessor:} 4. Nf3 d6 5. c3 Nc6 6. d4 e5 7. d5 Nce7 8. e4 Bg4 9. Be3 f5 10. Nbd2 {0-1 (55) Abdurahmanov,A (1751)-Ivanov,N (2039) Uljanovsk 2010}) 4... d6 5. Nd2 c5 6. e4 {A00: Irregular Openings.} Nc6 7. Qe2 e6 8. Qd1 {The position is equal.} Nge7 9. c3 O-O 10. Qe2 Rb8 (10... b5 $15) 11. f4 (11. g4 $11 {keeps the balance.}) 11... b5 {[%cal Bb7b5,Bb5b4][%mdl 32]} 12. Ngf3 (12. a3 $142) 12... b4 $1 $17 {[%cal Rb4c3]} 13. c4 a5 14. Rb1 a4 15. b3 axb3 16. axb3 (16. Nxb3 $142 Bc3+ 17. Bd2) 16... Ra8 17. O-O Ra2 18. e5 $2 (18. Rf2 $17) 18... d5 $2 (18... Nf5 $19 19. Kh2 dxe5 20. fxe5 Qc7) 19. cxd5 (19. Rb2 $15 Ra1 20. Qe1) 19... Nxd5 ({But not} 19... Qxd5 $6 20. Rb2 $11) (19... exd5 $17 20. Re1 Bg4) 20. Ne4 $2 {[%mdl 8192]} (20. Rb2 $15) 20... Nd4 $4 {[%mdl 8192]} (20... Rxe2 $19 {and life is good for Black.} 21. Nd6 Ba6) 21. Qxa2 $18 Qc7 22. Nxd4 cxd4 23. Bd2 Bb7 24. Rfc1 Nc3 25. Bxc3 dxc3 26. Qc2 Rd8 27. Nd6 Bxg2 28. Qxg2 Bf8 29. Nc4 Bc5+ 30. Kh2 Kg7 31. Rc2 Rxd3 32. Rf1 Qd7 33. Rf3 Qd4 $2 (33... Rd1 34. Rf1 Rxf1 35. Qxf1 Qa7) 34. g4 $2 (34. Rxd3 $18 Qxd3 35. Qe2) 34... Rd1 $2 (34... Rxf3 $1 $11 {and Black has nothing to worry.} 35. Qxf3 Qg1+ {[%mdl 64] Double Attack} 36. Kh3 hxg4+ 37. Qxg4 Qh1+ 38. Kg3 (38. Rh2 Qxh2+ 39. Kxh2 c2 $11) 38... Qg1+ 39. Kh3 Qh1+ 40. Kg3 (40. Rh2 Qxh2+ {[%mdl 64] Remove Defender} 41. Kxh2 c2 $11) 40... Qg1+ 41. Kh3) 35. Rf1 Rxf1 $2 (35... hxg4 $16 {is a better chance.} 36. Qe2 Rxf1 37. Qxf1 Kh6) 36. Qxf1 hxg4 37. Qg2 $4 {[%mdl 8192]} (37. Rc1 $18) 37... Qxf4+ $19 38. Qg3 {[#]} Qf1 $4 {[%mdl 8192]} (38... Bg1+ $1 $19 {[%mdl 512]} 39. Kg2 (39. Kxg1 Qxg3+) 39... Qe4+ {[%mdl 64] Double Attack} 40. Kxg1 Qxc2) 39. Qg2 $4 {[%mdl 8192] [#]} (39. Qxg4 $18 {was the only winning move. h5 is the strong threat.} Qb1 40. Qe2) 39... Qf4+ $2 (39... Qb1 $1 $19 {[%cal Rb1b3]} 40. Kg3 Qxb3) 40. Kh1 $2 {[%mdl 8192]} (40. Qg3 $11 Bg1+ {[%mdl 64] Pin} 41. Kg2 Qe4+ {[%mdl 64] Double Attack} 42. Kxg1 Qxc2 43. Ne3 Qxb3 44. Qf4) 40... g3 41. Nd6 Qxh4+ {What a fight! Accuracy: White = 26%, Black = 51%.} 0-1

[Event "Stay Safe Play From Home 214"]
[Site "T#646695Emanuel Laske"]
[Date "2020.06.10"]
[Round "5"]
[White "Haxhi Baha"]
[Black "Patzeroglu"]
[Result "1-0"]
[WhiteElo "1950"]
[BlackElo "1973"]
[Annotator "TA"]
[PlyCount "91"]
[EventDate "2020.06.10"]
[EventType "swiss (blitz)"]

{[%evp 9,91,-80,33,-51,-25,-79,-72,-72,-72,-72,-72,-72,-64,-85,-85,-89,1,-111,-108,-131,-101,-117,-107,-119,-118,-95,193,204,186,204,276,271,287,263,269,178,304,299,298,284,318,148,407,162,164,164,141,146,218,113,309,275,303,296,299,283,380,374,386,362,359,-231,368,62,410,14,24,18,408,407,398,391,380,322,304,306,298,313,310,183,29972,29972,6087,5988]} 1. e4 c5 2. Nf3 Nf6 3. d3 e6 4. Nc3 d5 5. e5 d4 ({Black should play} 5... Nfd7 $1 $17) 6. Ne2 {[#] B29: Sicilian: 2 Nf3 Nf6 (Nimzowitsch Variation).} (6. exf6 $14 dxc3 7. bxc3) 6... Nd5 $146 ({Predecessor:} 6... Nfd7 7. Bg5 Qc7 8. Bf4 Nc6 9. c3 b6 10. cxd4 cxd4 11. Qc1 Bb4+ 12. Kd1 Bb7 13. Nexd4 {0-1 (23) Andrlova,V-Sevcikova,M (1635) Usti nad Labem 2007}) 7. Ng3 (7. g3 $11) 7... Nc6 $17 8. Be2 {Black is better.} Qc7 9. O-O Nxe5 10. Nxe5 Qxe5 11. Bf3 Be7 12. Re1 Qc7 ({Better is} 12... Qd6 $17) 13. Ne4 (13. Nh5 $11 {remains equal.}) 13... O-O 14. Bd2 h6 15. a3 b6 16. Ng3 Bb7 17. c4 Rae8 $2 {[%mdl 8192]} (17... dxc3 $17 18. bxc3 c4) 18. cxd5 $18 exd5 19. Qb3 c4 20. Qc2 Bf6 21. Rxe8 Rxe8 22. Re1 Rc8 (22... Rxe1+ {was necessary.} 23. Bxe1 Qe5) 23. dxc4 dxc4 24. Bxb7 Qxb7 25. Qe4 (25. Qf5 $18 {and White stays clearly on top.} Rd8 26. Nh5) 25... Qc7 $2 {[%mdl 8192]} (25... Qxe4 $16 {was called for.} 26. Nxe4 Be7) 26. Nf5 $2 (26. Nh5 Qd8 27. Bxh6 $1 {[%mdl 512]}) 26... c3 27. bxc3 dxc3 28. Bc1 c2 (28... Rd8 $16 {was worth a try.} 29. g3 Qd7) 29. Qg4 (29. g3 $18) 29... Qc4 $2 (29... Qc3 $16 30. Rf1 Rc4) 30. Nxh6+ Kf8 31. Qxc4 $1 Rxc4 32. Nf5 Bc3 33. Re2 Rc5 34. Ne3 Bd4 35. Ng4 $4 {[%mdl 8192] [#]} (35. Nxc2 $18 {and all is fine. And now g3 would win.} Rc4 36. g3) 35... Rd5 $4 {[%mdl 8192]} (35... Bb2 $1 $19 {[%cal Rb2c1][%mdl 512] and life is good for Black.} 36. Ne3 (36. Bxb2 c1=Q+) 36... Bxc1 37. Nxc2 {[#]} Bxa3 $1 {[%mdl 512]}) 36. g3 $2 ({White should try} 36. Rxc2 $18 {Black must now prevent a4.} f6 37. Ne3) 36... Bb2 $2 {[%mdl 8192]} (36... f5 $1 $14) 37. Rxc2 $2 (37. Bxb2 $18 Rd1+ 38. Kg2) 37... Rd1+ $11 {[%mdl 64] Double Attack} 38. Kg2 Rxc1 $4 {[%mdl 8192]} (38... Bxc1 $11 39. Rc8+ Ke7) 39. Rxb2 {[%mdl 4096] Endgame KRN-KR} Rc3 40. Rd2 Rxa3 41. Ne5 Ke7 42. Nc6+ Ke6 43. Re2+ Kd6 44. Ne7 (44. Ne5 $142 {Threatens to win with Nc4+.} Kc5 45. Nxf7) 44... Ra2 $2 (44... g6 $18 45. h4 Rc3) 45. Nf5+ {[%mdl 64] Double Attack} Kc7 46. Rxa2 {Accuracy: White = 53%, Black = 35%.} 1-0

[Event "Stay Safe Play From Home 214"]
[Site "T#646695Emanuel Laske"]
[Date "2020.06.10"]
[Round "5"]
[White "Lucknow"]
[Black "Grizzzly"]
[Result "1/2-1/2"]
[WhiteElo "1927"]
[BlackElo "1773"]
[Annotator "RC"]
[PlyCount "121"]
[EventDate "2020.06.10"]
[EventType "swiss (blitz)"]

1. d4 {[%emt 0:00:02]} d5 {[%emt 0:00:01]} 2. c4 {[%emt 0:00:00]} e6 {[%emt 0:00:00]} 3. e3 {[%emt 0:00:00]} Nf6 {[%emt 0:00:00]} 4. Nf3 {[%emt 0:00:00]} Bb4+ {[%emt 0:00:01]} 5. Bd2 {[%emt 0:00:01]} Bxd2+ {[%emt 0:00:01]} 6. Qxd2 {[%emt 0:00:00]} Nbd7 {[%emt 0:00:01]} 7. Bd3 {[%emt 0:00:00]} c5 {[%emt 0:00:00]} 8. O-O {[%emt 0:00:00]} dxc4 {[%emt 0:00:01]} 9. Bxc4 {[%emt 0:00:01]} b6 {[%emt 0:00:00]} 10. Bb3 {[%emt 0:00:02]} Bb7 {[%emt 0:00:00]} 11. Nc3 {[%emt 0:00:01]} O-O {[%emt 0:00:01]} 12. Ne2 {[%emt 0:00:01]} Rc8 {[%emt 0:00:00]} 13. Ng3 {[%emt 0:00:02]} cxd4 {[%emt 0:00:01]} 14. Nxd4 {[%emt 0:00:01]} Ne4 {[%emt 0:00:01]} 15. Nxe4 {[%emt 0:00:02]} Bxe4 {[%emt 0:00:00]} 16. Rfd1 {[%emt 0:00:01]} Qe7 {[%emt 0:00:01]} 17. Rac1 {[%emt 0:00:01]} Rfe8 {[%emt 0:00:02]} 18. Ne2 {[%emt 0:00:02]} Rxc1 {[%emt 0:00:03]} 19. Rxc1 {[%emt 0:00:01]} Rd8 {[%emt 0:00:01]} 20. Qc3 {[%emt 0:00:01]} h6 {[%emt 0:00:02]} 21. Bc2 {[%emt 0:00:01]} Bxc2 {[%emt 0:00:03]} 22. Rxc2 {[%emt 0:00:00]} Qf6 {[%emt 0:00:01]} 23. Qxf6 {[%emt 0:00:02]} Nxf6 {[%emt 0:00:01]} 24. g3 {[%emt 0:00:00]} Ne4 {[%emt 0:00:03]} 25. Nd4 {[%emt 0:00:02]} e5 {[%emt 0:00:02]} 26. Nc6 {[%emt 0:00:02]} Rd2 {[%emt 0:00:01]} 27. Rxd2 {[%emt 0:00:04]} Nxd2 {[%emt 0:00:01]} 28. Nxa7 {[%emt 0:00:00]} Nc4 {[%emt 0:00:01]} 29. Nc8 {[%emt 0:00:01]} Nxb2 {[%emt 0:00:03]} 30. Nxb6 {[%emt 0:00:02]} Nd3 {[%emt 0:00:02]} 31. Nc4 {[%emt 0:00:00]} Nb4 {[%emt 0:00:01]} 32. Nxe5 {[%emt 0:00:01]} Nxa2 {[%emt 0:00:01]} 33. Kg2 {[%emt 0:00:00]} Nb4 {[%emt 0:00:01]} 34. Nf3 {[%emt 0:00:00]} Nd5 {[%emt 0:00:00]} 35. Nd4 {[%emt 0:00:00]} Kf8 {[%emt 0:00:01]} 36. f4 {[%emt 0:00:00]} Ke7 {[%emt 0:00:01]} 37. Kf3 {[%emt 0:00:00]} Kd6 {[%emt 0:00:00]} 38. e4 {[%emt 0:00:00]} Nf6 {[%emt 0:00:01]} 39. e5+ {[%emt 0:00:01]} Ke7 {[%emt 0:00:02]} 40. exf6+ {[%emt 0:00:00]} Kxf6 {[%emt 0:00:00]} 41. Ne2 {[%emt 0:00:00]} g6 {[%emt 0:00:01]} 42. g4 {[%emt 0:00:00]} g5 {[%emt 0:00:00]} 43. h3 {[%emt 0:00:00]} gxf4 {[%emt 0:00:01]} 44. Nxf4 {[%emt 0:00:01]} Kg5 {[%emt 0:00:01]} 45. Nh5 {[%emt 0:00:00]} f5 {[%emt 0:00:01]} 46. Kg3 {[%emt 0:00:00]} fxg4 {[%emt 0:00:01]} 47. hxg4 {[%emt 0:00:00]} Kg6 {[%emt 0:00:01]} 48. Nf4+ {[%emt 0:00:00]} Kg5 {[%emt 0:00:01]} 49. Nh5 {[%emt 0:00:00]} Kg6 {[%emt 0:00:01]} 50. Kf4 {[%emt 0:00:00]} Kh7 {[%emt 0:00:02]} 51. Ng3 {[%emt 0:00:00]} Kg6 {[%emt 0:00:01]} 52. Ke5 {[%emt 0:00:01]} h5 {[%emt 0:00:00]} 53. gxh5+ {[%emt 0:00:02]} Kg5 {[%emt 0:00:00]} 54. Ke6 {[%emt 0:00:01]} Kh6 {[%emt 0:00:00]} 55. Kf7 {[%emt 0:00:01]} Kh7 {[%emt 0:00:01]} 56. Kf6 {[%emt 0:00:00]} Kh8 {[%emt 0:00:00]} 57. Kf5 {[%emt 0:00:00]} Kh7 {[%emt 0:00:00]} 58. Kg5 {[%emt 0:00:00]} Kh8 {[%emt 0:00:00]} 59. h6 {[%emt 0:00:00]} Kg8 {[%emt 0:00:00]} 60. Nh5 {[%emt 0:00:00]} Kh8 {[%emt 0:00:00]} 61. Nf6 {[%emt 0:00:00] (Lag: Av=0.39s, max=4.1s)} 1/2-1/2

[Event "Stay Safe Play From Home 214"]
[Site "T#646695Emanuel Laske"]
[Date "2020.06.10"]
[Round "5"]
[White "Haris kollari 13"]
[Black "Lazieri3"]
[Result "1-0"]
[WhiteElo "1722"]
[BlackElo "2003"]
[Annotator "NA RC"]
[PlyCount "81"]
[EventDate "2020.06.10"]
[EventType "swiss (blitz)"]

1. e4 {[%emt 0:00:01]} c6 {[%emt 0:00:00]} 2. f4 {[%emt 0:00:01]} d5 {[%emt 0:00:00]} 3. e5 {[%emt 0:00:00]} e6 {[%emt 0:00:01]} 4. d4 {[%emt 0:00:01]} c5 {[%emt 0:00:00]} 5. c3 {[%emt 0:00:00]} cxd4 {[%emt 0:00:00]} 6. cxd4 {[%emt 0:00:02]} Nc6 {[%emt 0:00:00]} 7. Nc3 {[%emt 0:00:01]} Bb4 {[%emt 0:00:02]} 8. Nf3 {[%emt 0:00:01]} Nge7 {[%emt 0:00:01]} 9. Bd3 {[%emt 0:00:02]} g6 {[%emt 0:00:01]} 10. Be3 {[%emt 0:00:01]} Bd7 {[%emt 0:00:01]} 11. a3 {[%emt 0:00:01]} Ba5 {[%emt 0:00:01]} 12. b4 {[%emt 0:00:02]} Bb6 {[%emt 0:00:01]} 13. O-O {[%emt 0:00:01]} Nf5 {[%emt 0:00:01]} 14. Bxf5 {[%emt 0:00:02]} gxf5 {[%emt 0:00:00]} 15. Na4 {[%emt 0:00:01]} Rg8 {[%emt 0:00:02]} 16. Nc5 {[%emt 0:00:01]} Bxc5 {[%emt 0:00:01]} 17. bxc5 {[%emt 0:00:02]} b6 {[%emt 0:00:01]} 18. cxb6 {[%emt 0:00:02]} axb6 {[%emt 0:00:00]} 19. Rb1 {[%emt 0:00:01]} Rxa3 {[%emt 0:00:03]} 20. Bf2 {[%emt 0:00:01]} Qb8 {[%emt 0:00:03]} 21. Ng5 {[%emt 0:00:02]} b5 {[%emt 0:00:05]} 22. Qh5 {[%emt 0:00:02]} Rf8 {[%emt 0:00:10]} 23. Nxh7 {[%emt 0:00:02]} b4 {[%emt 0:00:03]} 24. Nxf8 {[%emt 0:00:02]} Kxf8 {[%emt 0:00:01]} 25. Qh8+ {[%emt 0:00:01]} Ke7 {[%emt 0:00:01]} 26. Qxb8 {[%emt 0:00:02]} Nxb8 {[%emt 0:00:00]} 27. Rxb4 {[%emt 0:00:03]} Nc6 {[%emt 0:00:01]} 28. Rb7 {[%emt 0:00:01]} Rd3 {[%emt 0:00:01]} 29. Rc1 {[%emt 0:00:02]} Kd8 {[%emt 0:00:02]} 30. g3 {[%emt 0:00:01]} Rd2 {[%emt 0:00:02]} 31. Be3 {[%emt 0:00:01]} Re2 {[%emt 0:00:01]} 32. Bf2 {[%emt 0:00:02]} Rd2 {[%emt 0:00:01]} 33. h4 {[%emt 0:00:01]} Ra2 {[%emt 0:00:06]} 34. h5 {[%emt 0:00:02]} Ra6 {[%emt 0:00:01]} 35. h6 {[%emt 0:00:01]} Ne7 {[%emt 0:00:00]} 36. Rb8+ {[%emt 0:00:02]} Nc8 {[%emt 0:00:01]} 37. h7 {[%emt 0:00:01]} Ra1 {[%emt 0:00:00]} 38. h8=Q+ {[%emt 0:00:02]} Ke7 {[%emt 0:00:01]} 39. Rxa1 {[%emt 0:00:00]} Bb5 {[%emt 0:00:03]} 40. Qf6+ {[%emt 0:00:00]} Kd7 {[%emt 0:00:01]} 41. Rxc8 {[%emt 0:00:01] Time (Lag: Av=0.49s, max=3.9s)} 1-0

[Event "Stay Safe Play From Home 214"]
[Site "T#646695Emanuel Laske"]
[Date "2020.06.10"]
[Round "5"]
[White "Matanant"]
[Black "Klasman"]
[Result "1-0"]
[WhiteElo "1595"]
[BlackElo "1417"]
[Annotator "NA RC"]
[PlyCount "47"]
[EventDate "2020.06.10"]
[EventType "swiss (blitz)"]

1. b3 {[%emt 0:00:03]} f5 {[%emt 0:00:02]} 2. Bb2 {[%emt 0:00:00]} Nf6 {[%emt 0:00:01]} 3. f4 {[%emt 0:00:01]} e6 {[%emt 0:00:03]} 4. Nf3 {[%emt 0:00:00]} d5 {[%emt 0:00:02]} 5. e3 {[%emt 0:00:00]} c5 {[%emt 0:00:01]} 6. Be2 {[%emt 0:00:01]} Nc6 {[%emt 0:00:01]} 7. O-O {[%emt 0:00:00]} Bd6 {[%emt 0:00:01]} 8. Bb5 {[%emt 0:00:00]} a6 {[%emt 0:00:02]} 9. Bxc6+ {[%emt 0:00:00]} bxc6 {[%emt 0:00:01]} 10. d3 {[%emt 0:00:01]} Bd7 {[%emt 0:00:01]} 11. Nbd2 {[%emt 0:00:00]} O-O {[%emt 0:00:01]} 12. Ne5 {[%emt 0:00:00]} Bxe5 {[%emt 0:00:02]} 13. Bxe5 {[%emt 0:00:02]} a5 {[%emt 0:00:06]} 14. Bd6 {[%emt 0:00:01]} Rf7 {[%emt 0:00:03]} 15. Bxc5 {[%emt 0:00:03]} Bc8 {[%emt 0:00:03]} 16. a4 {[%emt 0:00:02]} Bb7 {[%emt 0:00:03]} 17. Nf3 {[%emt 0:00:02]} Ng4 {[%emt 0:00:01]} 18. h3 {[%emt 0:00:03]} Nh6 {[%emt 0:00:05]} 19. Qe1 {[%emt 0:00:05]} Rd7 {[%emt 0:00:07]} 20. Ne5 {[%emt 0:00:02]} Nf7 {[%emt 0:00:09]} 21. Nxd7 {[%emt 0:00:03]} Qxd7 {[%emt 0:00:01]} 22. Bd4 {[%emt 0:00:00]} Nh6 {[%emt 0:00:02]} 23. Bc3 {[%emt 0:00:01]} Qf7 {[%emt 0:00:01]} 24. Bxa5 {[%emt 0:00:02] Time '} 1-0